The contribution of the strategies used by Otto von Bismarck in the unification of Germany in making Germany into a powerful nation / (Record no. 98500)
[ view plain ]
| 000 -LEADER | |
|---|---|
| fixed length control field | 00821nam a2200193 a 4500 |
| 003 - CONTROL NUMBER IDENTIFIER | |
| control field | 0 |
| 005 - DATE AND TIME OF LATEST TRANSACTION | |
| control field | 20250220093256.0 |
| 008 - FIXED-LENGTH DATA ELEMENTS--GENERAL INFORMATION | |
| fixed length control field | 110617s19uu xx 00 eng d |
| 050 ## - LIBRARY OF CONGRESS CALL NUMBER | |
| Classification number | PHS DD 228.8 |
| Item number | .B15 2011 |
| 100 ## - MAIN ENTRY--PERSONAL NAME | |
| Personal name | Bago, Armina N. |
| 245 ## - TITLE STATEMENT | |
| Title | The contribution of the strategies used by Otto von Bismarck in the unification of Germany in making Germany into a powerful nation / |
| Statement of responsibility, etc | Armina N. Bago. |
| 260 ## - PUBLICATION, DISTRIBUTION, ETC. (IMPRINT) | |
| Place of publication, distribution, etc | Las Piñas City, Philippines : |
| Name of publisher, distributor, etc | Southville International School and Colleges, |
| Date of publication, distribution, etc | 2011. |
| 300 ## - PHYSICAL DESCRIPTION | |
| Extent | 21 pages : |
| Other physical details | illustrations ; |
| Dimensions | 28 cm. |
| 504 ## - BIBLIOGRAPHY, ETC. NOTE | |
| Bibliography, etc | Includes bibliographical references. |
| 650 ## - SUBJECT ADDED ENTRY--TOPICAL TERM | |
| Topical term or geographic name as entry element | Bismarck, Otto, Prince of, 1815–1898 |
| General subdivision | Political and diplomatic strategies. |
| 650 ## - SUBJECT ADDED ENTRY--TOPICAL TERM | |
| Topical term or geographic name as entry element | Statecraft |
| Geographic subdivision | Germany |
| General subdivision | History. |
| 651 ## - SUBJECT ADDED ENTRY--GEOGRAPHIC NAME | |
| Geographic name | Germany |
| General subdivision | History |
| Form subdivision | Unification, 1864–1871. |
| 942 ## - ADDED ENTRY ELEMENTS (KOHA) | |
| Source of classification or shelving scheme | Library of Congress Classification |
| Koha item type | PASS |
| Withdrawn status | Lost status | Source of classification or shelving scheme | Damaged status | Home library | Current library | Shelving location | Date acquired | Source of acquisition | Total Checkouts | Full call number | Barcode | Date last seen | Price effective from | Koha item type |
|---|---|---|---|---|---|---|---|---|---|---|---|---|---|---|
| Library of Congress Classification | Luxembourg Library | Luxembourg Library | Portfolio Assessment of SISC Students Section | 06/17/2011 | Donation | PHS DD 228.8 .B15 2011 | P2600 | 11/25/2019 | 04/08/2014 | PASS |